Les Sarah ou Sara célèbres - Statistiques

Statistiques générales
  • Ce quiz a été pris 41 fois
  • Le résultat moyen est 3 sur 16
Statistiques - réponses
Par images Réponse % Correct
Sarah Bernhardt
89%
Sainte Sarah la Noire
61%
Sainte Sarah, épouse d'Abraham
58%
Sarah Abitbol
21%
Sarah Lelouch
16%
Sarah Michel
13%
Sarah Palin
11%
Sarah Vaughan
11%
Sarah Pitkowski
5%
Sarah Poniatowski
5%
Sara Franchetti
3%
Sara Borghi
0%
Sarah Bovy
0%
Sarah Gadon
0%
Sarah Sjöström
0%
Sarah Ulmer
0%
Aucun quiz correspondant
Distribution des résultats
% des personnes avec chaque résultat
Percentile par nombre de réponses
Votre historique - résultats
Vous n’avez pas pris ce quiz